[Event "Madrid-ch Previa A"]
[Site "Madrid ESP"]
[Date "2016.02.17"]
[Round "6.4"]
[White "Pashov, Spas Nikolov"]
[Black "Camacho Casado, Demetrio"]
[Result "1-0"]
[WhiteElo "1774"]
[BlackElo "1909"]
[PlyCount "111"]
[EventDate "2016.02.08"]
[EventType "swiss"]
[EventRounds "9"]
[EventCountry "ESP"]
[SourceDate "2016.02.08"]

1. e4 e5 2. Nf3 Nc6 3. Bb5 a6 4. Ba4 d6 5. d4 b5 6. Bb3 Nxd4 7. Nxd4 exd4 8.
Bd5 Rb8 9. Qxd4 c5 10. Qc3 Nf6 11. O-O Be7 12. Bc6+ Bd7 13. Bxd7+ Qxd7 14. Qf3
O-O 15. Bf4 Rbd8 16. Rd1 Qe6 17. Nc3 b4 18. Nd5 Nxd5 19. Rxd5 Bf6 20. Rad1 Bxb2
21. Bxd6 Rfe8 22. e5 Bd4 23. Qe4 f5 24. Qf3 Rxd6 25. Rxd6 Qxe5 26. Qd5+ Qxd5
27. Rxd5 g6 28. Kf1 a5 29. Re1 Rb8 30. Rd7 a4 31. Ree7 h5 32. Ra7 a3 33. Ke2
Kf8 34. Rf7+ Kg8 35. f3 Re8+ 36. Kd3 Re3+ 37. Kd2 Re8 38. Rfe7 Rd8 39. Red7 Re8
40. Ra6 g5 41. Rad6 h4 42. Rd8 Bc3+ 43. Kd3 Rxd8 44. Rxd8+ Kf7 45. Rd5 Ke6 46.
Rxc5 Be1 47. Kc4 g4 48. h3 gxf3 49. gxf3 Kf6 50. Rb5 Kg5 51. Rxb4 Kf4 52. Rb3
Kg3 53. f4+ Kh2 54. Kd5 Bg3 55. Ke5 Kxh3 56. Kxf5 1-0

[Event "Madrid-ch Previa A"]
[Site "Madrid ESP"]
[Date "2016.02.17"]
[Round "6.5"]
[White "Lozano Sanchez, Jose Antonio"]
[Black "Fernandez Aransay, Fernando"]
[Result "0-1"]
[WhiteElo "1883"]
[BlackElo "1800"]
[PlyCount "118"]
[EventDate "2016.02.08"]
[EventType "swiss"]
[EventRounds "9"]
[EventCountry "ESP"]
[SourceDate "2016.02.08"]

1. e4 c5 2. Nf3 d6 3. Bc4 Nf6 4. Nc3 Nc6 5. O-O g6 6. d3 Bg7 7. Bf4 O-O 8. a4
e6 9. Re1 d5 10. exd5 exd5 11. Ba2 b6 12. Bg5 Nb4 13. Bb3 Bb7 14. Ne2 d4 15.
Ng3 Bd5 16. Bxd5 Qxd5 17. Qd2 Rfe8 18. b3 Ng4 19. h3 Ne5 20. Nxe5 Rxe5 21. Rxe5
Bxe5 22. Ne4 Qc6 23. f4 Bg7 24. Rf1 f5 25. Nf2 Re8 26. Nd1 Re6 27. Kf2 Qe8 28.
Nb2 Nd5 29. Nc4 Ne3 30. Re1 Qc6 31. Kg1 Qc7 32. Qf2 Qd7 33. Re2 Kf7 34. Ne5+
Bxe5 35. fxe5 Rxe5 36. Bxe3 dxe3 37. Rxe3 Rxe3 38. Qxe3 Qd4 39. Kf2 Kf6 40. Ke2
Qxe3+ 41. Kxe3 Ke5 42. g3 h6 43. c3 g5 44. Kf3 Kd5 45. Ke3 a6 46. Kf3 b5 47.
Ke3 b4 48. cxb4 cxb4 49. a5 Ke5 50. h4 Kd5 51. h5 Ke5 52. Ke2 Kd4 53. Kd2 f4
54. gxf4 gxf4 55. Ke2 f3+ 56. Kxf3 Kxd3 57. Kf4 Kc3 58. Kf5 Kxb3 59. Kg6 Ka4
0-1

[Event "Madrid-ch Previa A"]
[Site "Madrid ESP"]
[Date "2016.02.17"]
[Round "6.6"]
[White "Corredor San Jose, Antonio"]
[Black "Santos Garay-Cordovil, Salvado"]
[Result "1-0"]
[WhiteElo "1792"]
[BlackElo "1873"]
[PlyCount "43"]
[EventDate "2016.02.08"]
[EventType "swiss"]
[EventRounds "9"]
[EventCountry "ESP"]
[SourceDate "2016.02.08"]

1. e4 c5 2. Nf3 Nc6 3. d4 cxd4 4. Nxd4 Nf6 5. Nc3 e5 6. Nf5 d5 7. exd5 Bxf5 8.
dxc6 bxc6 9. Qf3 Qc8 10. Bg5 Bb4 11. Bxf6 gxf6 12. Bc4 Ke7 13. a3 Ba5 14. b4
Bg4 15. Qe4 Bf5 16. Qh4 Bb6 17. O-O-O Rg8 18. Rhe1 Qc7 19. Qh5 Bg6 20. Qf3 a5
21. b5 cxb5 22. Nd5+ 1-0

[Event "Madrid-ch Previa A"]
[Site "Madrid ESP"]
[Date "2016.02.17"]
[Round "6.7"]
[White "Marin Aso, Jose Luis"]
[Black "Galan Aguado, Fernando"]
[Result "1/2-1/2"]
[WhiteElo "1846"]
[BlackElo "1738"]
[PlyCount "38"]
[EventDate "2016.02.08"]
[EventType "swiss"]
[EventRounds "9"]
[EventCountry "ESP"]
[SourceDate "2016.02.08"]

1. d4 e6 2. Nf3 d5 3. e3 Bd6 4. Bd3 Nf6 5. b3 b6 6. Bb2 Bb7 7. O-O O-O 8. c4
Ne4 9. Nc3 a6 10. Rc1 f5 11. Ne5 Qf6 12. f3 Ng5 13. Qe2 c5 14. Na4 Qd8 15. cxd5
Bxe5 16. dxe5 exd5 17. Rfd1 Ne6 18. Qc2 g6 19. Nc3 Nd7 1/2-1/2

[Event "Madrid-ch Previa A"]
[Site "Madrid ESP"]
[Date "2016.02.17"]
[Round "6.13"]
[White "Lucia Carpintero, Oscar"]
[Black "Cabañas Bravo, Juan Andres"]
[Result "0-1"]
[WhiteElo "1675"]
[BlackElo "2006"]
[PlyCount "90"]
[EventDate "2016.02.08"]
[EventType "swiss"]
[EventRounds "9"]
[EventCountry "ESP"]
[SourceDate "2016.02.08"]

1. d4 Nf6 2. Nf3 g6 3. Bf4 Bg7 4. h3 O-O 5. e3 d5 6. Be2 c5 7. c3 Nc6 8. O-O
Ne4 9. Nbd2 cxd4 10. exd4 Nd6 11. Re1 h5 12. Bd3 a5 13. a4 e6 14. Ne5 Ne7 15.
Qc2 Ndf5 16. g4 hxg4 17. hxg4 Nh6 18. f3 f5 19. g5 Nf7 20. b4 Bxe5 21. dxe5 d4
22. Bc4 axb4 23. cxb4 Nc6 24. b5 Na5 25. Ba2 Nxg5 26. Kg2 Nh7 27. Rh1 g5 28.
Bg3 b6 29. Rh6 Ra7 30. Bxe6+ Bxe6 31. Rxe6 Rc7 32. Qa2 Kg7 33. Rd6 Qc8 34. Rxd4
f4 35. Bf2 g4 36. e6 gxf3+ 37. Nxf3 Nc4 38. Qe2 Rf6 39. Rd7+ Rxd7 40. exd7 Qxd7
41. Qxc4 Qg4+ 42. Kf1 Qxf3 43. Re1 Rf7 44. Qd4+ Nf6 45. Re4 Qxe4 0-1

[Event "Madrid-ch Previa A"]
[Site "Madrid ESP"]
[Date "2016.02.17"]
[Round "6.14"]
[White "Serrano Gonzalez, Oscar"]
[Black "Viñas Lopez, Carlos"]
[Result "1-0"]
[WhiteElo "1718"]
[BlackElo "1913"]
[PlyCount "95"]
[EventDate "2016.02.08"]
[EventType "swiss"]
[EventRounds "9"]
[EventCountry "ESP"]
[SourceDate "2016.02.08"]

1. e4 c5 2. Nf3 e6 3. Nc3 Nc6 4. d3 g6 5. Be2 Bg7 6. O-O Nge7 7. Nb5 d6 8. Bf4
e5 9. Bg5 O-O 10. Qd2 Be6 11. Bh6 f5 12. Bxg7 Kxg7 13. Ng5 Bg8 14. f4 h6 15.
Nf3 a6 16. Nc3 fxe4 17. Nxe4 Rxf4 18. c3 b6 19. Rae1 d5 20. Nf2 Qc7 21. g3 Rff8
22. Ng4 Nf5 23. Nh4 Nce7 24. Bd1 g5 25. Nxf5+ Rxf5 26. Rxf5 Nxf5 27. Rxe5 Rf8
28. Qe1 h5 29. Nf2 g4 30. h3 Kf6 31. d4 cxd4 32. cxd4 Nxd4 33. Nd3 Nf3+ 34.
Bxf3 gxf3 35. Qe3 Kg7 36. Re7+ Qxe7 37. Qxe7+ Rf7 38. Qg5+ Kf8 39. Kf2 Bh7 40.
Ne5 Rf5 41. Qd8+ Kg7 42. Qe7+ Kg8 43. g4 hxg4 44. hxg4 Rf8 45. Qg5+ Kh8 46.
Ng6+ Bxg6 47. Qxg6 d4 48. g5 1-0

[Event "Madrid-ch Previa A"]
[Site "Madrid ESP"]
[Date "2016.02.17"]
[Round "6.15"]
[White "Marcelo De La Mata, Daniel"]
[Black "Rueda Maria, Ramiro"]
[Result "1/2-1/2"]
[WhiteElo "1623"]
[BlackElo "1891"]
[PlyCount "76"]
[EventDate "2016.02.08"]
[EventType "swiss"]
[EventRounds "9"]
[EventCountry "ESP"]
[SourceDate "2016.02.08"]

1. e4 e5 2. Nc3 Nf6 3. f4 d5 4. d4 exd4 5. Qxd4 Nc6 6. Bb5 Bd7 7. Bxc6 Bxc6 8.
e5 Ne4 9. Nxe4 dxe4 10. Qxd8+ Rxd8 11. Be3 Be7 12. Ne2 O-O 13. Rd1 b6 14. Kf2
Bd5 15. b3 c5 16. c4 Be6 17. Nc3 f6 18. exf6 Bxf6 19. Nxe4 Be7 20. Kf3 g5 21.
g3 h5 22. Rxd8 g4+ 23. Ke2 Rxd8 24. Nc3 Bf6 25. Rc1 Bxc3 26. Rxc3 Bf5 27. a3 a5
28. b4 axb4 29. axb4 cxb4 30. Rb3 Bc2 31. Rxb4 Bd3+ 32. Kf2 Rc8 33. Rxb6 Rxc4
34. Bd2 Re4 35. Be3 Kh7 36. f5 Re5 37. Rh6+ Kg8 38. f6 Kf7 1/2-1/2

[Event "Madrid-ch Previa A"]
[Site "Madrid ESP"]
[Date "2016.02.17"]
[Round "6.16"]
[White "Jaumandreu Llopis, Antonio"]
[Black "Perez Cameselle, Francisco Jose"]
[Result "0-1"]
[WhiteElo "1504"]
[BlackElo "1858"]
[PlyCount "62"]
[EventDate "2016.02.08"]
[EventType "swiss"]
[EventRounds "9"]
[EventCountry "ESP"]
[SourceDate "2016.02.08"]

1. e4 e6 2. d4 d5 3. Nc3 Nf6 4. e5 Nfd7 5. f4 c5 6. Nf3 Nc6 7. Be3 Qb6 8. Na4
Qa5+ 9. c3 cxd4 10. Nxd4 Nxd4 11. Bxd4 b5 12. b4 Qxa4 13. Qg4 g6 14. Bd3 Nb6
15. h4 Bd7 16. h5 O-O-O 17. hxg6 fxg6 18. Bxg6 Bxb4 19. Rxh7 Qa3 20. Qf3 Rxh7
21. Bxh7 Rh8 22. Rb1 Bxc3+ 23. Bxc3 Rxh7 24. Rb3 Rh1+ 25. Kd2 Nc4+ 26. Kd3 Qc1
27. Kd4 Rf1 28. Qe2 Qxf4+ 29. Kc5 Qf8+ 30. Kd4 Rf4+ 31. Kd3 Qf5+ 0-1

[Event "Madrid-ch Previa A"]
[Site "Madrid ESP"]
[Date "2016.02.17"]
[Round "6.17"]
[White "Martin-Consuegra Barrilero, Francisco Javier"]
[Black "Rodriguez Bachiller, Luis"]
[Result "1-0"]
[WhiteElo "1805"]
[BlackElo "1685"]
[PlyCount "91"]
[EventDate "2016.02.08"]
[EventType "swiss"]
[EventRounds "9"]
[EventCountry "ESP"]
[SourceDate "2016.02.08"]

1. Nf3 Nf6 2. d4 d5 3. e3 c5 4. c4 e6 5. Nc3 Nc6 6. a3 Be7 7. Be2 cxd4 8. Nxd4
Nxd4 9. Qxd4 dxc4 10. Qxc4 O-O 11. O-O Bd7 12. Bf3 Qc8 13. Qe2 Bc6 14. e4 Rd8
15. Be3 Qc7 16. Rac1 Qa5 17. g3 a6 18. Ra1 Rac8 19. Rfc1 Rd7 20. b4 Qd8 21. Rc2
Bb5 22. Nxb5 Rxc2 23. Qxc2 axb5 24. Rc1 Ne8 25. e5 Rc7 26. Qe4 Rxc1+ 27. Bxc1
Qc7 28. Bb2 b6 29. Qc6 Qxc6 30. Bxc6 Nc7 31. Bd4 Nd5 32. Bxb5 f6 33. Bc4 fxe5
34. Bxe5 Kf7 35. f4 g6 36. Kf2 Bd8 37. Bxd5 exd5 38. a4 Ke6 39. Ke3 g5 40. Kd4
gxf4 41. gxf4 Bh4 42. a5 bxa5 43. bxa5 Bf2+ 44. Kd3 Kf5 45. h3 h5 46. Bd4 1-0

[Event "Madrid-ch Previa A"]
[Site "Madrid ESP"]
[Date "2016.02.17"]
[Round "6.18"]
[White "Gonzalez Recas, Fernando"]
[Black "Lopez Ziegler, Juan Jose"]
[Result "1/2-1/2"]
[WhiteElo "1766"]
[BlackElo "1574"]
[PlyCount "58"]
[EventDate "2016.02.08"]
[EventType "swiss"]
[EventRounds "9"]
[EventCountry "ESP"]
[SourceDate "2016.02.08"]

1. e4 e6 2. d4 d5 3. e5 c5 4. c3 Qb6 5. Nf3 Nc6 6. a3 c4 7. Nbd2 Na5 8. g3 Bd7
9. Bh3 O-O-O 10. Ng5 Be8 11. f4 h6 12. Ngf3 Ne7 13. O-O f5 14. exf6 gxf6 15.
Qe2 f5 16. Re1 Bd7 17. Ne5 Rg8 18. Bg2 Ng6 19. Ndf3 Re8 20. Kh1 Bd6 21. Rg1 Re7
22. Bh3 Nb3 23. Rb1 Nxc1 24. Rbxc1 Reg7 25. Rce1 Bc7 26. Rg2 Nf8 27. Qe3 Bxe5
28. Nxe5 h5 29. Rge2 Re7 1/2-1/2

[Event "Madrid-ch Previa A"]
[Site "Madrid ESP"]
[Date "2016.02.17"]
[Round "6.19"]
[White "Martinez Miura, Enrique"]
[Black "Boni De Aristizabal, Marco"]
[Result "0-1"]
[WhiteElo "1653"]
[BlackElo "1735"]
[PlyCount "46"]
[EventDate "2016.02.08"]
[EventType "swiss"]
[EventRounds "9"]
[EventCountry "ESP"]
[SourceDate "2016.02.08"]

1. e4 Nf6 2. e5 Nd5 3. c4 Nb6 4. d4 d6 5. exd6 cxd6 6. Nf3 g6 7. Be2 Bg7 8. O-O
O-O 9. Bd2 Nc6 10. Bc3 Bg4 11. b3 d5 12. c5 Nd7 13. h3 Bf5 14. b4 e5 15. dxe5
Ndxe5 16. Nxe5 Nxe5 17. f4 d4 18. fxe5 dxc3 19. Nxc3 Bxe5 20. Rc1 Qh4 21. Qd5
Qg3 22. Rf3 Qh2+ 23. Kf2 Rad8 0-1

[Event "Madrid-ch Previa A"]
[Site "Madrid ESP"]
[Date "2016.02.17"]
[Round "6.20"]
[White "Santamaria Baeza, Adolfo"]
[Black "Fernandez Martinez, Jose"]
[Result "1-0"]
[WhiteElo "1918"]
[BlackElo "1632"]
[PlyCount "99"]
[EventDate "2016.02.08"]
[EventType "swiss"]
[EventRounds "9"]
[EventCountry "ESP"]
[SourceDate "2016.02.08"]

1. e4 e5 2. Nf3 Nc6 3. Bc4 Bc5 4. c3 Nf6 5. d3 d6 6. Bg5 O-O 7. Nbd2 a6 8. O-O
Be6 9. b4 Bxc4 10. Nxc4 Ba7 11. Ne3 h6 12. Bh4 Bxe3 13. fxe3 Qe7 14. a4 Qe6 15.
Bxf6 Qxf6 16. Nd4 Qd8 17. Nf5 Ne7 18. Qg4 Nxf5 19. Rxf5 Qd7 20. a5 Kh7 21. Qe2
Qe6 22. c4 c6 23. Raf1 Rac8 24. d4 exd4 25. exd4 Rce8 26. R1f4 f6 27. d5 Qd7
28. Qd3 Kg8 29. c5 dxc5 30. bxc5 Qd8 31. Qb3 Kh8 32. Qc3 cxd5 33. exd5 Re2 34.
c6 bxc6 35. dxc6 Qc7 36. Rd4 Rfe8 37. Rf1 R2e6 38. Rc1 Rc8 39. Rc4 Re5 40. Rc5
Qa7 41. Kf1 Qc7 42. Rxe5 fxe5 43. Qc5 Qf7+ 44. Kg1 Qf6 45. c7 e4 46. Rf1 Qe6
47. Rf8+ Kh7 48. Rxc8 Qxc8 49. Qe7 Qg4 50. h3 1-0

[Event "Madrid-ch Previa A"]
[Site "Madrid ESP"]
[Date "2016.02.17"]
[Round "6.21"]
[White "Bellagamba, Pascal"]
[Black "Morona Minguez, Miguel"]
[Result "1-0"]
[WhiteElo "1652"]
[BlackElo "1927"]
[PlyCount "85"]
[EventDate "2016.02.08"]
[EventType "swiss"]
[EventRounds "9"]
[EventCountry "ESP"]
[SourceDate "2016.02.08"]

1. Nf3 Nf6 2. b3 d5 3. Bb2 Bf5 4. d3 c6 5. g3 Nbd7 6. Bg2 e6 7. O-O Be7 8. Nbd2
h6 9. e3 O-O 10. Qe2 Qc7 11. Nh4 Bh7 12. f4 Rad8 13. Nhf3 Qb6 14. Kh1 Bc5 15.
d4 Be7 16. c4 c5 17. Ne5 Nxe5 18. fxe5 Ne8 19. Rad1 Nc7 20. Rf2 Na6 21. e4 dxe4
22. d5 exd5 23. cxd5 Rxd5 24. Bxe4 Bxe4+ 25. Qxe4 Qc6 26. Rdf1 Nb4 27. Nc4 b5
28. Ne3 Rd7 29. Qxc6 Nxc6 30. Nf5 Rfd8 31. Nxg7 Bf8 32. e6 Rd2 33. exf7+ Kh7
34. Ne6 Rxf2 35. Rxf2 Rc8 36. Rf6 Ne7 37. h4 Nd5 38. Rf5 Ne3 39. Rf3 Nd5 40.
Be5 c4 41. bxc4 bxc4 42. Nxf8+ Rxf8 43. Bd6 1-0

[Event "Madrid-ch Previa A"]
[Site "Madrid ESP"]
[Date "2016.02.17"]
[Round "6.22"]
[White "Fernandez Bonilla, M. Arcangel"]
[Black "Martinez Carrasco, Jesus"]
[Result "1-0"]
[WhiteElo "1829"]
[BlackElo "1624"]
[PlyCount "53"]
[EventDate "2016.02.08"]
[EventType "swiss"]
[EventRounds "9"]
[EventCountry "ESP"]
[SourceDate "2016.02.08"]

1. Nf3 c5 2. d4 cxd4 3. Nxd4 Nf6 4. g3 e6 5. Nc3 Nc6 6. Bg2 d5 7. O-O a6 8. e4
Bc5 9. Nb3 Be7 10. exd5 exd5 11. Nxd5 Nxd5 12. Qxd5 Be6 13. Qxd8+ Rxd8 14. c3
O-O 15. Be3 Rc8 16. Rfd1 Bg4 17. Re1 Rfe8 18. f4 Bf8 19. Bb6 Be6 20. Kf2 Bd6
21. Rad1 Bc7 22. Bxc7 Rxc7 23. f5 Bd7 24. Rxd7 Rxe1 25. Rxc7 Re8 26. Bxc6 bxc6
27. Rxc6 1-0

[Event "Madrid-ch Previa A"]
[Site "Madrid ESP"]
[Date "2016.02.17"]
[Round "6.23"]
[White "Castro Uceda, Jose Antonio"]
[Black "Cano Mercado, Francisco Manuel"]
[Result "0-1"]
[WhiteElo "1605"]
[BlackElo "1827"]
[PlyCount "50"]
[EventDate "2016.02.08"]
[EventType "swiss"]
[EventRounds "9"]
[EventCountry "ESP"]
[SourceDate "2016.02.08"]

1. d4 Nf6 2. c4 c5 3. dxc5 g6 4. Nc3 Bg7 5. e3 O-O 6. Nf3 Na6 7. Be2 Nxc5 8.
O-O b6 9. Re1 Bb7 10. Rb1 d6 11. Nd4 Rc8 12. Bf3 Nce4 13. Nxe4 Bxe4 14. Bxe4
Nxe4 15. Qf3 Nc5 16. b3 e5 17. Nc2 e4 18. Qg3 Be5 19. f4 Bc3 20. Rd1 Nd3 21.
Nd4 Bxd4 22. exd4 f5 23. Qh3 d5 24. Ba3 dxc4 25. Bxf8 Qxd4+ 0-1

[Event "Madrid-ch Previa A"]
[Site "Madrid ESP"]
[Date "2016.02.17"]
[Round "6.24"]
[White "Veuthey Martinez, Eloy"]
[Black "Lopez Peral, Enrique"]
[Result "0-1"]
[WhiteElo "1537"]
[BlackElo "1816"]
[PlyCount "68"]
[EventDate "2016.02.08"]
[EventType "swiss"]
[EventRounds "9"]
[EventCountry "ESP"]
[SourceDate "2016.02.08"]

1. d4 Nf6 2. Nf3 e6 3. e3 c5 4. Bd3 Nc6 5. O-O Be7 6. b3 d5 7. Bb2 cxd4 8. exd4
Bd7 9. Nbd2 Qc7 10. a3 Bd6 11. Qe2 Bf4 12. Ne5 Bxd2 13. Qxd2 Ne7 14. Qe2 Ng6
15. f4 O-O 16. g4 Ne7 17. g5 Ne8 18. Bxh7+ Kxh7 19. Qh5+ Kg8 20. Rf3 g6 21.
Nxg6 fxg6 22. Qh6 Kf7 23. Rc1 Nf5 24. Qh3 Neg7 25. c4 Rh8 26. Qf1 Qb6 27. cxd5
exd5 28. Qe2 Nxd4 29. Bxd4 Qxd4+ 30. Kh1 Rac8 31. Re1 Rhe8 32. Qf2 Rxe1+ 33.
Qxe1 Qe4 34. Qxe4 dxe4 0-1

[Event "Madrid-ch Previa A"]
[Site "Madrid ESP"]
[Date "2016.02.17"]
[Round "6.25"]
[White "Garcia Lafuente, Luis"]
[Black "Vazquez Cabeza, Isaac"]
[Result "0-1"]
[WhiteElo "1494"]
[BlackElo "1724"]
[PlyCount "92"]
[EventDate "2016.02.08"]
[EventType "swiss"]
[EventRounds "9"]
[EventCountry "ESP"]
[SourceDate "2016.02.08"]

1. d4 e6 2. Nf3 Nf6 3. Bf4 d5 4. e3 c5 5. Nbd2 Nc6 6. c3 cxd4 7. exd4 Bd6 8.
Ne5 Qc7 9. Bb5 O-O 10. Qe2 Nd7 11. Bxc6 bxc6 12. Nxd7 Bxd7 13. Bxd6 Qxd6 14.
Qe5 Qxe5+ 15. dxe5 Rfb8 16. b3 a5 17. Ke2 c5 18. Ke3 Bc6 19. f3 Rd8 20. Kf4 f6
21. Rhe1 d4 22. c4 f5 23. h4 Ra7 24. Rab1 Rb7 25. Rb2 Rdb8 26. Ra1 Kf8 27. Kg3
g6 28. Kf4 h6 29. Rh1 a4 30. Re1 axb3 31. Nxb3 Ba4 32. Reb1 Rb4 33. Kg3 Rxc4
34. Nd2 Rxb2 35. Rxb2 Rc2 36. Rxc2 Bxc2 37. Kf2 Ba4 38. Ke2 Bb5+ 39. Kd1 c4 40.
Kc1 c3 41. Nb1 f4 42. Kc2 Ba4+ 43. Kc1 g5 44. hxg5 hxg5 45. Na3 d3 46. Nc4 Ke7
0-1

[Event "Madrid-ch Previa A"]
[Site "Madrid ESP"]
[Date "2016.02.17"]
[Round "6.27"]
[White "Jimenez Gonzalez, Marcos"]
[Black "Torres Alvarez, Augusto"]
[Result "1-0"]
[WhiteElo "1807"]
[BlackElo "1501"]
[PlyCount "151"]
[EventDate "2016.02.08"]
[EventType "swiss"]
[EventRounds "9"]
[EventCountry "ESP"]
[SourceDate "2016.02.08"]

1. c4 Nf6 2. g3 g6 3. Nc3 c6 4. d4 d5 5. cxd5 cxd5 6. Bg2 Nc6 7. Nf3 Bg7 8. O-O
O-O 9. Bf4 Bf5 10. a3 a6 11. Rc1 Re8 12. Ne5 Rc8 13. Nxc6 Rxc6 14. f3 Qc8 15.
Qd2 Bd7 16. Be5 e6 17. e4 b5 18. Rfd1 dxe4 19. fxe4 Qd8 20. Bf4 Qb6 21. e5 Nd5
22. Bxd5 exd5 23. Nxd5 Qb7 24. Qg2 Qa8 25. Nb4 Rxc1 26. Rxc1 Qa7 27. Qd5 Bh3
28. Qc5 Qb7 29. Qc6 Qxc6 30. Nxc6 Kf8 31. d5 Bd7 32. Kf2 h6 33. h4 Rc8 34. e6
fxe6 35. Bd6+ Ke8 36. Re1 Kf7 37. dxe6+ Bxe6 38. Ne5+ Bxe5 39. Bxe5 Rc5 40. Bc3
Rf5+ 41. Ke3 Bd5 42. Kd4 Bc6 43. Re5 Rxe5 44. Kxe5 h5 45. Kd6 Be4 46. Kc5 Bb7
47. Kb6 Bc8 48. Kc7 Be6 49. Kb7 Bc4 50. Bb4 Ke6 51. Kxa6 Kf5 52. Ka5 Kg4 53.
Bd6 g5 54. hxg5 Kxg5 55. Be7+ Kg4 56. Bh4 Kf3 57. Kb4 Be2 58. a4 bxa4 59. Kxa4
Bd1+ 60. Kb5 Ke4 61. Kc5 Ke5 62. b4 Be2 63. Bd8 Kf5 64. Kd6 Kg4 65. Bh4 Bb5 66.
Kc5 Be2 67. b5 Bxb5 68. Kxb5 Kf5 69. Kc4 Ke4 70. Kc5 Ke5 71. Kc6 Ke6 72. Kc7
Kf7 73. Kd7 Kg6 74. Ke6 Kg7 75. Kf5 Kh6 76. Kf6 1-0

[Event "Madrid-ch Previa A"]
[Site "Madrid ESP"]
[Date "2016.02.17"]
[Round "6.28"]
[White "Ramos Antona, Enrique"]
[Black "Diaz Begonte, Manuel"]
[Result "0-1"]
[WhiteElo "1561"]
[BlackElo "1656"]
[PlyCount "90"]
[EventDate "2016.02.08"]
[EventType "swiss"]
[EventRounds "9"]
[EventCountry "ESP"]
[SourceDate "2016.02.08"]

1. Nf3 d5 2. c4 c6 3. g3 Nf6 4. Nc3 g6 5. Bg2 Bg7 6. Qc2 Bf5 7. d3 dxc4 8. Ne5
cxd3 9. Nxd3 Na6 10. e4 Bg4 11. O-O O-O 12. h3 Be6 13. Be3 Bc4 14. Rfd1 Bxd3
15. Qxd3 Qc7 16. a3 Rad8 17. Qe2 e5 18. Bxa7 Nb8 19. Be3 Nbd7 20. Rac1 Qb8 21.
Na4 Rfe8 22. Nb6 Qc7 23. Nc4 Bf8 24. b4 Ra8 25. Rd3 c5 26. Qd2 b5 27. Nd6 Bxd6
28. Rxd6 c4 29. Rc3 Red8 30. Bg5 Nf8 31. Bxf6 Qxd6 32. Qxd6 Rxd6 33. Bxe5 Rd1+
34. Kh2 Rd2 35. f4 Nd7 36. Bc7 Rc8 37. Ba5 Nf6 38. Kg1 Nh5 39. Bb6 Nxg3 40.
Rxg3 c3 41. Be3 Ra2 42. Bc5 Rxa3 43. Bf1 c2 44. Rxa3 c1=Q 45. Re3 Rxc5 0-1

[Event "Madrid-ch Previa A"]
[Site "Madrid ESP"]
[Date "2016.02.17"]
[Round "6.29"]
[White "Beekhof Harmsen, Willen"]
[Black "Martin Rodriguez, Jose Luis"]
[Result "0-1"]
[WhiteElo "1626"]
[BlackElo "1354"]
[PlyCount "104"]
[EventDate "2016.02.08"]
[EventType "swiss"]
[EventRounds "9"]
[EventCountry "ESP"]
[SourceDate "2016.02.08"]

1. Nf3 Nf6 2. g3 e6 3. b3 d5 4. c4 c6 5. Bb2 Nbd7 6. Bg2 Be7 7. O-O Qc7 8. d3
e5 9. Nbd2 d4 10. Re1 Nc5 11. b4 Ne6 12. a3 b6 13. e3 c5 14. Nxe5 Bb7 15. Qa4+
Kf8 16. Nc6 Bxc6 17. Bxc6 Rd8 18. b5 Ng4 19. e4 Ne5 20. Qb3 Nxc6 21. bxc6 Qxc6
22. f4 h5 23. h4 Bxh4 24. f5 Bxg3 25. Rf1 Ng5 26. Kg2 Qd6 27. Rh1 h4 28. Bc1
h3+ 29. Kf1 Qf4+ 30. Ke2 Qe3+ 31. Kd1 h2 32. Kc2 Qe2 33. Kb2 Qg2 34. Qd1 Nh3
35. Qf1 Qxf1 36. Rxf1 Nf2 37. Nf3 h1=Q 38. Bg5 f6 39. Rxh1 Rxh1 40. Rxh1 Nxh1
41. Bh4 Bxh4 42. Nxh4 Nf2 43. Ng6+ Kf7 44. Kc2 Ng4 45. Kb3 Ne5 46. Nf4 Rh8 47.
Ka4 a6 48. Nd5 Nxd3 49. Nxb6 Nb2+ 50. Ka5 d3 51. Kxa6 d2 52. Nd5 d1=Q 0-1

[Event "Madrid-ch Previa A"]
[Site "Madrid ESP"]
[Date "2016.02.17"]
[Round "6.30"]
[White "Suarez Mencia, Roberto"]
[Black "Sierra Garcia, Ricardo"]
[Result "0-1"]
[WhiteElo "1448"]
[BlackElo "1800"]
[PlyCount "102"]
[EventDate "2016.02.08"]
[EventType "swiss"]
[EventRounds "9"]
[EventCountry "ESP"]
[SourceDate "2016.02.08"]

1. c4 Nf6 2. g3 g6 3. Bg2 Bg7 4. e3 d6 5. d4 O-O 6. Ne2 e5 7. dxe5 dxe5 8. Qxd8
Rxd8 9. O-O Bg4 10. Nbc3 c6 11. f3 Be6 12. b3 Na6 13. Ba3 Ne8 14. Rad1 Nec7 15.
Be7 Re8 16. Bd6 Bf8 17. Bxe5 Bc5 18. Ne4 Be7 19. Bd6 f5 20. Bxe7 Rxe7 21. Ng5
Bf7 22. Kf2 Rae8 23. Rd3 Nb4 24. Rd6 Rxe3 25. Nf4 R3e7 26. Rfd1 Ne6 27. Nfxe6
Bxe6 28. Re1 Bf7 29. Rxe7 Rxe7 30. a3 Nc2 31. Nxf7 Kxf7 32. a4 Ne3 33. Bh1 Nc2
34. Rd1 Rc7 35. f4 Ke7 36. Bf3 Rd7 37. Rxd7+ Kxd7 38. Bd1 Nd4 39. Ke3 c5 40. b4
b6 41. b5 Ne6 42. h3 h6 43. g4 g5 44. gxf5 Nxf4 45. h4 Ke7 46. h5 Kf6 47. Ke4
Nh3 48. Bc2 Nf4 49. Kf3 Ke5 50. Ke3 Ng2+ 51. Kf3 Ne1+ 0-1

[Event "Madrid-ch Previa A"]
[Site "Madrid ESP"]
[Date "2016.02.17"]
[Round "6.32"]
[White "Ojosnegros Martin, Angel"]
[Black "Algaba Traspuesto, Jose Antonio"]
[Result "0-1"]
[WhiteElo "1524"]
[BlackElo "1635"]
[PlyCount "88"]
[EventDate "2016.02.08"]
[EventType "swiss"]
[EventRounds "9"]
[EventCountry "ESP"]
[SourceDate "2016.02.08"]

1. e4 d5 2. exd5 Nf6 3. d4 Nxd5 4. c4 Nb6 5. Be3 e5 6. c5 Nd5 7. Qd2 Nc6 8. Bb5
Bd7 9. Nf3 exd4 10. Nxd4 Nxd4 11. Bxd7+ Qxd7 12. Qxd4 Nxe3 13. Qxe3+ Qe7 14.
Nc3 Qxe3+ 15. fxe3 Bxc5 16. Nd5 O-O-O 17. O-O-O c6 18. Nc3 Bxe3+ 19. Kc2 Rxd1
20. Nxd1 Bd4 21. Re1 Kd7 22. Re4 c5 23. Kd3 Re8 24. Rf4 Re7 25. Nc3 Bxc3 26.
bxc3 f6 27. g4 b5 28. a4 a6 29. h4 Re5 30. h5 h6 31. axb5 axb5 32. c4 b4 33.
Kc2 Kd6 34. Kd3 Re1 35. Kd2 Rg1 36. Kc2 Rg3 37. Kb2 Re3 38. Kc2 Ke5 39. Rf5+
Kd4 40. Rd5+ Kxc4 41. Rd7 b3+ 42. Kd2 Rc3 43. Rxg7 b2 44. Rb7 Rb3 0-1

[Event "Madrid-ch Previa A"]
[Site "Madrid ESP"]
[Date "2016.02.22"]
[Round "7.1"]
[White "Garcia Gutierrez, Jose"]
[Black "Lopez Heras, Arturo"]
[Result "1-0"]
[WhiteElo "1928"]
[BlackElo "1812"]
[PlyCount "75"]
[EventDate "2016.02.08"]
[EventType "swiss"]
[EventRounds "9"]
[EventCountry "ESP"]
[SourceDate "2016.02.08"]

1. g3 Nf6 2. Bg2 c5 3. b3 g6 4. Bb2 Bg7 5. Nf3 d6 6. O-O O-O 7. d3 Nc6 8. e4 e5
9. Nbd2 Bg4 10. h3 Bd7 11. Nc4 Ne8 12. Ne3 f5 13. exf5 gxf5 14. Nd5 e4 15. Bxg7
exf3 16. Bxf8 fxg2 17. Re1 Kxf8 18. Qh5 Nf6 19. Qh6+ Kf7 20. Re7+ Qxe7 21. Nxe7
Kxe7 22. Qg7+ Ke6 23. f4 Nd4 24. Re1+ Ne4 25. Qh6+ Ke7 26. Kxg2 Nxc2 27. Re2
Nd4 28. Re1 Nc2 29. Rc1 Nd4 30. dxe4 Bc6 31. Qxh7+ Kf6 32. Qh6+ Ke7 33. Qg7+
Ke6 34. Kf2 Bxe4 35. Re1 Re8 36. g4 d5 37. gxf5+ Nxf5 38. Rxe4+ 1-0